[Event "EU-Cup 16th"]
[Site "Neum"]
[Date "2000.09.26"]
[Round "3.2"]
[White "Huzman, Alexander"]
[Black "Adams, Michael"]
[Result "1-0"]
[WhiteElo "2574"]
[BlackElo "2755"]
[Annotator "Stohl,I"]
[PlyCount "103"]
[EventDate "2000.09.24"]
[EventType "team-swiss"]
[EventRounds "7"]
[EventCountry "BIH"]
[SourceTitle "CBM 080"]
[Source "ChessBase"]
[SourceDate "2001.01.25"]
[SourceVersion "1"]
[SourceVersionDate "2001.01.25"]
[SourceQuality "1"]
[WhiteTeam "Beer Sheva"]
[BlackTeam "Breda"]
[WhiteTeamCountry "ISR"]
[BlackTeamCountry "NED"]

1. Nf3 Nf6 2. c4 c5 3. g3 b6 4. Bg2 Bb7 5. O-O e6 6. Nc3 Be7 7. d4 cxd4 8. Qxd4
d6 9. Rd1 O-O (9... a6 10. Bg5 Nbd7 {is played more often and is a reliable
way to avoid the variation from the game.}) (9... Nbd7 10. Nb5 $5 d5 11. Bf4
O-O 12. Bc7 Qc8 13. Bd6 Qd8 14. cxd5 Bxd5 15. Bxe7 Qxe7 16. Nc7 Rac8 17. Nxd5
Nxd5 18. Rac1 Rfd8 19. h4 $14 {Rodgaard,J-Akintola,F/Elista olm/1998/}) 10. Bg5
Nbd7 (10... Nc6 11. Qf4 Qb8 12. Rd2 Ne5 $6 13. Nxe5 dxe5 14. Qh4 Bxg2 15. Kxg2
Qb7+ 16. f3 Rac8 17. Rad1 e4 18. b3 exf3+ 19. exf3 Rc5 20. Bxf6 Bxf6 21. Qe4
Qb8 22. Qe3 Bxc3 23. Qxc3 h5 24. Rd7 Rf5 25. R1d6 Qc8 26. Qd4 $16 {[%cal Gd1d8]
<->d,Karpov,A-Smirin,I/URS-ch Moscow/1988/}) 11. Nb5 d5 12. cxd5 exd5 $6 {
Now White will have a persistent advantage.} (12... Nxd5 13. Bxe7 Qxe7 14. e4
N5f6 15. Nd6 Nc5 16. e5 Nd5 17. Nd2 Rad8 18. b4 Na6 19. Nxb7 (19. a3 $142)
19... Qxb7 20. a3 Qe7 21. Qc4 Nb8 22. Ne4 Rc8 23. Qb3 Rcd8 24. Nd6 $14 {
Stern,R-Bezold,M/Berlin/1990/}) (12... Bxd5 13. Nc3 {Despite the symetrical
nature of the position White retains a pull, as his pieces are more active and
better developed.} Bc6 (13... Bb7 14. Rac1 h6 15. Bf4 a6 16. Ne5 Bxg2 17. Nxd7
Nxd7 18. Qxd7 Bh3 19. Qb7 Qe8 20. Qxb6 f6 21. Bd6 Rf7 22. Bxe7 Rxe7 23. Rd6 Kh7
24. Qd4 Rc7 25. Rxa6 $1 $16 {Espig,L-Schmittdiel,E/Bundesliga 9900/1999/}) 14.
Qc4 Qc8 15. e4 (15. Rac1 h6 (15... Qb7 $2 16. Rxd7 $1 Qxd7 17. Ne5 Bd5 18. Nxd5
exd5 19. Nxd7 dxc4 20. Nxf8 $16) 16. Bf4 Qb7 17. Bd6 $14) 15... h6 (15... Nc5
16. e5 Nd5 17. b4 Nd7 18. Nxd5 exd5 19. Qh4 Bxg5 20. Qxg5 Qe8 21. Re1 h6 22.
Qg4 Qe7 23. Rac1 Rac8 24. Nh4 Qe6 25. Nf5 g6 26. Nxh6+ Kg7 27. Qg5 Rh8 28. Rxc6
Rxc6 29. Bxd5 Qxd5 30. Nf5+ {1-0,Kengis,E-Shabalov,A/Jurmala/1985/}) 16. Bf4 $1
(16. Nd4 Bb7 17. Qxc8 Rfxc8 18. e5 Bxg2 19. exf6 Bb4 20. Kxg2 Bxc3 21. bxc3
hxg5 22. Nxe6 Nxf6 23. Nxg5 Rxc3 $11 {Kortschnoj,V-Ftacnik,L/Biel/1984/}) 16...
Qb7 17. Nd4 Bc5 $5 $14) 13. Nh4 $5 (13. Rac1 Nc5 (13... h6 14. Bxf6 Nxf6 15.
Ne5 a6 16. Nc3 Bc5 17. Qf4 Qe7 18. Nxd5 Nxd5 19. Bxd5 Bxd5 20. Rxd5 $16 {
Lipsanen,E-Joentausta,H/Tampere/1990/}) 14. Bh3 Nce4 15. Be3 Bc5 16. Qd3 Re8
17. Bd4 a6 18. Nc3 Nxc3 19. Rxc3 $14 {1/2,Olafsson,H-Hjartarson,J/Reykjavik/
1981/}) (13. Nc3 Nc5 14. Be3 Re8 15. Rac1 Nce4 16. Qa4 Nxc3 17. Rxc3 Ne4 18.
Rc2 Bd6 19. Qb5 Qf6 20. Bd4 Qe7 21. Qd3 Rad8 22. Bh3 Bc5 23. e3 Bd6 24. Nh4 g6
25. Qe2 Ng5 26. Bg2 Ne4 27. Nf3 Bc8 28. b3 Bg4 29. h3 Bf5 30. Rcc1 Ba3 $132 {
1/2,Chekhov,V-Anikaev,Y/Telavi/1982/}) (13. Qf4 h6 $142 (13... Nc5 14. Nfd4
Nfe4 (14... a6 15. Bxf6 Bxf6 16. Nd6 Qd7 17. Nxb7 Qxb7 18. Nf5 Rad8 19. Ne3 $16
{Pfleger,H-Glienke,M/Hannover/1983/}) 15. Bxe7 Qxe7 16. Rac1 a6 17. Nc3 Rad8
18. b4 Ne6 19. Qe5 Qf6 20. Qxf6 Nxf6 21. Na4 Nxd4 22. Rxd4 Rfe8 23. Rc7 $16 {
Portisch,L-Furman,S/Ljubljana/1975/}) 14. Bxf6 Nxf6 15. Nfd4 a6 16. Nc3 Bd6 17.
Qf5 Re8 18. Nxd5 Bxd5 19. Bxd5 Nxd5 20. Qxd5 Be5 21. e4 Qf6 22. f4 Bxf4 23.
gxf4 Rad8 24. Qf5 Rxd4 25. Qxf6 Rxd1+ 26. Rxd1 gxf6 27. Rd6 Re6 $11 {Adorjan,
A-Bouaziz,S/Riga izt/1979/}) 13... h6 (13... Re8 14. Nf5 Bc5 15. Qd2 Ne5 16. b4
Bf8 17. Qf4 a6 18. Nc3 Ng6 19. Bxf6 Qxf6 20. Nh6+ $1 $16 {Schneider,B-Blasek,R/
Schoeneck/1988/}) 14. Be3 $146 (14. Bf4 $5 Nc5 (14... Bc5 $142 15. Qd2 $14) (
14... g5 15. Bc7 {[%cal Rh4f5] /\Nf5+/-}) 15. Nf5 Ne6 16. Qd2 Bc5 17. b4 Qd7
18. bxc5 Qxb5 19. c6 $1 Ba6 20. Be5 $40 {Espig,L-Schunk,T/BL2-O 9394/1993/})
14... Bc5 (14... a6 15. Nc3 Bc5 16. Qd2 {and the ><d5 is even more vulnerable.}
) 15. Qd2 Bxe3 16. Qxe3 Re8 17. Qd2 $14 {[%csl Rb7,Rd5] ><d5,Bb7 A typical
position with an isolated pawn, where Black's compensating piece play is
nonexistent and he is subjected to a positional massage.} Ne5 18. Rac1 Bc6 19.
Nd4 Bd7 20. Qb4 Rc8 21. Nhf5 a5 22. Rxc8 $1 (22. Qb3 $6 Nc4 $13) 22... Bxc8 $8
(22... Qxc8 $2 23. Ne7+ Kh7 24. Nxc8 axb4 25. Nxb6 $18) 23. Qd6 {_|_} Qxd6 24.
Nxd6 Rd8 25. N4b5 {White wants to occupy the c-file himself and has higher
ambitions than} (25. Nxc8 Rxc8 $14) 25... Ba6 26. Rc1 (26. e3 $142 $5 $14)
26... Kf8 (26... Ne8 $5 27. Nxe8 Bxb5 28. Nc7 Bxe2 29. Nxd5 Nd3 30. Rc2 Bf3 $1
31. Bxf3 Ne1 $11) (26... Ne4 $1 $11) 27. Bh3 Bxb5 $2 (27... Ne4 28. Bc8 (28.
Nxe4 dxe4 29. Nc3 Rd2 $36) 28... Bxb5 29. Nxb5 Nc4 30. Bf5 Nxb2 31. Rc6 g6 $5
32. Bxe4 dxe4 $11) 28. Nxb5 $16 d4 {Loses the d-pawn, but Black had hardly any
defence against f4 and Rc7.} 29. f4 Neg4 30. Rd1 Rd5 31. a4 (31. Nxd4 {/\Rd3+/
- was also possible.}) 31... Ne3 32. Rxd4 Rxd4 33. Nxd4 Ne4 34. Bg2 Nc5 35. b3
Ke7 36. Bf3 f5 (36... Kd6 37. h3 g6 38. g4 {/\Kf2-e1-d2}) 37. Kf2 Nd1+ 38. Ke1
Ne3 39. h3 Kf6 40. Kf2 Nd1+ 41. Ke1 Ne3 42. Kd2 $1 $18 {After the time control
White finds the right winning plan.} Nf1+ 43. Kc3 g5 (43... Nxg3 44. Kc4 g5 45.
Kb5 Nd7 46. Bc6 $18) 44. Kc4 g4 45. hxg4 fxg4 46. Bxg4 $1 {The pawns outweigh
the piece.} (46. Bc6 Nxg3 $13) 46... Ne3+ 47. Kb5 Nxg4 48. Kxb6 Ne4 49. b4 $1
axb4 50. a5 Nxg3 ({The only way to stop the o^ leads to a lost _|_ after} 50...
Ne3 51. a6 Nd5+ 52. Kb7 Nc5+ 53. Kc6 Nxa6 54. Kxd5 {[%cal Re2e5] /\e4-e5+-})
51. a6 Nf5 52. a7 $1 (52. Nxf5 b3 53. Nd6 $1 b2 (53... Ne3 54. Ne4+ Kf5 55. Kc5
$1 $18) 54. Ne4+ Kf5 55. Nc3 Ne3 56. Nb1 $18) 1-0

[Event "Recklinghausen"]
[Site "Recklinghausen"]
[Date "1998.07.28"]
[Round "4"]
[White "Henrichs, Thomas"]
[Black "Alterman, Boris"]
[Result "1/2-1/2"]
[WhiteElo "2445"]
[BlackElo "2615"]
[Annotator "Stohl,I"]
[PlyCount "49"]
[EventDate "1998.07.25"]
[EventType "tourn"]
[EventRounds "9"]
[EventCountry "GER"]
[EventCategory "12"]
[SourceTitle "CBM 067"]
[Source "ChessBase"]
[SourceDate "1998.11.30"]
[SourceVersion "2"]
[SourceVersionDate "1998.11.01"]
[SourceQuality "1"]

1. Nf3 Nf6 2. g3 b6 3. Bg2 Bb7 4. O-O c5 5. c4 g6 6. Nc3 Bg7 7. Re1 {Here this
move is connected with the same idea as in the classical Hedgehog with e6: to
play d4 only after e4 and recapture on d4 with the N. However, it's by far not
as dangerous as after 5...e6. Black has 3 more or less equivalent and
satisfactory continuations, Alterman chooses one of them and comes up with a
convincing pawn sacrifice, solving all possible problems.} d5 $5 {Maybe the
most clear-cut road to equality.} (7... Ne4 {An enterprising Volga-gambit like
idea is} 8. Nxe4 Bxe4 9. d4 O-O $5 ({Somewhat unpleasant despite the ^^ is
Black's position after} 9... cxd4 $143 10. Bh6 $1 Bxh6 (10... Bf6 11. Nxd4 {
[%csl Re8] עe8}) 11. Qxd4 O-O 12. Qxe4 Nc6 13. Rad1 Rc8 14. h4 Rc7 15. h5 e6
16. hxg6 hxg6 17. e3 Qf6 18. Re2 Rd8 19. Red2 Bf8 20. Qf4 Qxf4 21. gxf4 Bb4 22.
Rd3 Be7 23. b3 a6 24. Ng5 Na5 25. Ne4 Nb7 26. Nc3 Nc5 27. R3d2 Bf6 28. Ne2 Be7
29. Nd4 $14 {Romanishin,O-Lau,R/Dresden op/1998/}) 10. d5 b5 $1 11. cxb5 a6 12.
bxa6 Rxa6 13. Nd2 Bxg2 14. Kxg2 d6 15. Nc4 Nd7 16. e4 Qa8 17. a3 Ra4 18. Qc2
Qa6 19. Ne3 Ne5 20. Rd1 Rd4 $44 {|^,Summerscale,A-Adams,M/GBR-ch Hove/1997/}) (
{It's very difficult for White to get anything more than a very slight edge
after} 7... O-O 8. e4 Nc6 9. e5 Ne8 10. d4 Nxd4 11. Nxd4 Bxg2 12. Kxg2 cxd4 13.
Qxd4 d6 14. Bf4 dxe5 15. Qxd8 Rxd8 16. Bxe5 Bxe5 $1 (16... f6 $143 17. Bf4 e5
18. Be3 Nd6 19. b3 Rf7 20. Rad1 Rfd7 21. Rd5 Kf7 22. Red1 Ke6 23. a4 Nf5 24.
Nb5 Nxe3+ 25. fxe3 a5 26. e4 Bf8 27. Nc7+ Ke7 28. g4 Rxd5 29. Nxd5+ $36 {
Lobron,E-Olafsson,H/New York op/1989/}) 17. Rxe5 e6 18. c5 Nf6 19. cxb6 axb6
20. Rb5 Rd6 21. Rd1 $5 (21. Re1 Rc8 22. Re2 Kg7 23. h3 h5 24. Kf3 Rc4 25. Ke3
Rcd4 26. Rc2 h4 $132 {1/2,Mohr,G-Adler,J/Bled op/1992/}) 21... Rfd8 22. Rxd6
Rxd6 23. Kf3 $11 {/+/=,Tolstikh,N-Kaiumov,D/Cheliabinsk/1993/}) 8. d4 $8 {
The only move to continue the fight for an opening advantage.} (8. cxd5 $143 $6
Nxd5 9. Qb3 O-O 10. d3 e6 11. Bg5 Qd7 12. Rad1 Nc6 13. e4 Nxc3 14. bxc3 h6 15.
Bc1 e5 16. Qa4 Rfd8 17. Qc2 Rac8 18. Bb2 $15 {1/2,Konopka,M-Kyas,J/BL2-O/1996/}
) 8... O-O $1 (8... cxd4 $143 $6 9. Nxd4 O-O 10. Nc2 $1 {[%csl Rd5] |^><d5} (
10. cxd5 Nxd5 11. Ndb5 e6 12. Bf4 Na6 13. Nxd5 Bxd5 14. Bxd5 Qxd5 15. Qxd5 exd5
16. Rad1 Bxb2 17. Rxd5 Nc5 18. Red1 Ne6 19. Rd7 g5 20. Bd6 Rfd8 21. Be7 Rxd7
22. Rxd7 a6 23. Nd6 b5 24. h4 h6 25. hxg5 hxg5 26. Ne4 g4 27. Bf6 Nc5 $1 $11 {
Wronn,B-David,A/OLNW/1993/})) ({Somewhat less flexible is} 8... dxc4 9. Qa4+ (
9. dxc5 Qxd1 10. Rxd1 Ne4 $1 $11) 9... Nbd7 10. dxc5 Qc8 11. cxb6 $142 $5 (11.
Qxc4 Qxc5 (11... Nxc5 12. Be3 Nce4 (12... O-O $5 {/\} 13. Bxc5 $2 Nd7 $1 {
-8...0-0!}) 13. Qxc8+ Rxc8 14. Nd2 Nd6 15. Bf4 $5 (15. Bxb7 Nxb7 16. Rac1 O-O
17. h3 Rfd8 18. g4 Kf8 19. Kg2 Nd6 20. a4 Nfe8 21. a5 bxa5 22. Na4 Nb7 $15 {
Mandel,A-Roeder,M/2.BLS/1992/}) 15... Bxg2 16. Kxg2 Nc4 17. Nxc4 Rxc4 18. Rac1
Nh5 19. Bd2 Kd7 20. e4 Rhc8 21. e5 Bh8 22. Rcd1 Ke8 23. f4 $14 {[%csl Ge5,Gf4]
(),Romanishin,O-Roeder,M/Bad Woerishofen op/1997/}) 12. Qh4 O-O 13. e4 Rac8 14.
Be3 Qh5 (14... Qa5 $142 $5 $132) 15. Qxh5 Nxh5 16. Rad1 Rfd8 17. Bg5 Bf6 18.
Bxf6 Ndxf6 19. e5 Rxd1 20. Rxd1 Ng4 21. e6 fxe6 22. Ng5 Bxg2 23. Kxg2 Nhf6 24.
Nxe6 Ne5 25. Rd8+ Rxd8 26. Nxd8 Kf8 27. Ne6+ Ke8 28. Nd4 Kd7 29. Kf1 $14 {
_|_,Van der Sterren,P-Stohl,I/Prague Chip/1992/}) 11... axb6 12. Qb4 O-O (12...
Qc5 $5 13. Qxc5 Nxc5 14. Nd2 Bxg2 15. Kxg2 Na4 16. Nxc4 Nxc3 17. bxc3 Nd5 $44)
13. Be3 Nd5 14. Nxd5 Bxd5 15. Red1 e6 16. Bd4 Bxd4 17. Nxd4 Bxg2 18. Kxg2 Ra5
19. Kg1 $36 {[%csl Rc4][%cal Rd4b5,Gd1d8] /\Nb5,><c4,<->d} Nf6 $6 20. Qxb6 Qa8
21. Nc6 Ra6 22. Qd4 Qxc6 23. Qxf6 Qe4 24. e3 Qa8 25. a3 Qb8 26. Rac1 $16 {
Gabriel,C-Palkovi,J/Budapest Elekes/1996/}) 9. dxc5 (9. cxd5 cxd4 $5 (9... Nxd5
10. Nxd5 Bxd5 11. e4 Bb7 12. dxc5 (12. d5 e6 $5 $13) 12... bxc5 13. Qc2 Qb6
$132) 10. Nxd4 Nxd5 11. Ndb5 Nxc3 $6 (11... e6 $142 $11 {-Wronn,B-David,A/OLNW/
1993/}) 12. Qxd8 Rxd8 13. Bxb7 Nxb5 14. Bxa8 Na6 15. Be4 $6 Nc5 16. Bc2 Na3 17.
Rd1 Rf8 18. Bb3 Rc8 19. Rf1 a5 20. Be3 Bxb2 21. Rad1 Bc3 22. Rd5 e6 23. Rd6 a4
24. Bd1 b5 25. Bxc5 Rxc5 26. e3 $44 {1/2,Szilagyi,P-Grkov,D/Kamen Piskov mem/
1983/}) 9... dxc4 10. Qa4 Qc8 11. cxb6 (11. Qxc4 Nbd7 12. Be3 Nxc5 13. Rac1
Nce4 (13... Ne8 14. Bxc5 Nd6 15. Nd5 $1 $14) 14. Qb3 Qe8 15. Ng5 Nd6 16. Nb5
Bxg2 17. Nxd6 Qd7 $1 18. Kxg2 Qxd6 19. Red1 Qb8 20. Bd4 Qb7+ 21. Qf3 Qxf3+ 22.
Nxf3 Rfc8 23. Ne5 Kf8 24. Nd7+ Nxd7 25. Bxg7+ Kxg7 26. Rxc8 Rxc8 27. Rxd7 e6
28. Rxa7 Rc2 $11 {Ekstrom,R-Dizdarevic,E/Grand-Prix Suisse/1990/}) 11... axb6
12. Qb4 Nd5 $1 $146 {The novelty we already mentioned.} (12... Nbd7 $143 13.
Be3 $36 {-Gabriel,C-Palkovi,J/Budapest Elekes/1996/}) 13. Nxd5 Bxd5 14. e4 (14.
Qxe7 $143 $6 c3 15. Qb4 Nc6 16. Qxb6 (16. Qb5 Bxf3 {[%cal Rc6d4] /\Nd4-+})
16... Rb8 17. Qc5 Bxf3 (17... cxb2 18. Bxb2 Bxb2 19. Qxd5 Nb4 $15) 18. Bxf3 Nd4
19. Qxc8 Rfxc8 $36) (14. Qxb6 Nc6 15. e4 {-14.e4}) 14... Nc6 $1 15. Qxb6 Be6
$44 {[%csl Rb2][%cal Gb8b1,Gg7a1] /^a1-h8,<->b,><b2} 16. e5 (16. Bf4 c3 $36 {
[%csl Gc3] o^c,/\} 17. bxc3 Bxc3 18. Rac1 Ra6 $15) 16... Rb8 17. Qe3 (17. Qc5
Nb4 18. Qxc8 Rfxc8 (18... Bxc8 $5 19. Re2 (19. Re4 $2 Nc2 20. Rb1 Na3 $36)
19... Nd3 $44) 19. Nd4 (19. Re2 Bf5 $5 $36) 19... Nd3 20. Re2 Bxe5 21. Nxe6
fxe6 22. Bh3 Kf7 $13) 17... Nb4 18. Nd4 (18. Re2 Nd3 {[%csl Re5][%cal Re6d5,
Re6g4] /\Bg4,Bd5,><e5}) 18... Nd3 19. Nc6 (19. Re2 $5 Nxe5 (19... Bxe5 $2 20.
Nc6 $16) 20. Nxe6 Qxe6 21. f4 Nd3 22. Qxe6 fxe6 23. Bh3 Bxb2 $132) 19... Rb7 $8
(19... Nxe1 $4 20. Nxe7+ $18) 20. Re2 Rc7 21. Qb6 $8 (21. Nd4 $6 Bxe5 22. Nxe6
Qxe6 $36 {/\} 23. f4 $2 Bd4 $19) 21... Bg4 22. Re3 Bh3 $1 23. Bf3 (23. Bxh3
Rxc6 24. Qb5 (24. Bxc8 Rxb6 25. Bh3 Bxe5 26. Bf1 $1 Bxb2 27. Bxb2 Rxb2 28. Bxd3
cxd3 29. Rxd3 $11) 24... Rc5 25. Bxc8 Rxb5 26. Ba6 Rxe5 27. Rxe5 Bxe5 28. Bxc4
Nxc1 29. Rxc1 Bxb2 30. Rb1 Ba3 $11) 23... Bg4 $11 24. Bg2 Bh3 25. Bf3 1/2-1/2

[Event "Brno Morava-B"]
[Site "Brno"]
[Date "1991.??.??"]
[Round "4"]
[White "Stangl, Markus"]
[Black "Kholmov, Ratmir D"]
[Result "1/2-1/2"]
[WhiteElo "2490"]
[BlackElo "2495"]
[Annotator "Stohl,I"]
[PlyCount "150"]
[EventDate "1991.09.??"]
[EventType "tourn"]
[EventRounds "11"]
[EventCountry "CZE"]
[EventCategory "10"]
[SourceTitle "CBM 026"]
[Source "ChessBase"]
[SourceDate "1992.02.01"]
[SourceVersion "1"]
[SourceVersionDate "1992.02.01"]
[SourceQuality "1"]

1. Nf3 Nf6 2. c4 e6 3. g3 b6 4. Bg2 Bb7 5. Nc3 c5 6. O-O Be7 7. d4 cxd4 8. Qxd4
Nc6 9. Qf4 O-O 10. Rd1 Qb8 11. b3 (11. Ng5 $5 Rd8 12. Nge4 Na5 13. Qxb8 Raxb8
14. Bf4 Rbc8 15. Bd6 Kf8 16. Bxe7+ Kxe7 17. Nd6 Rb8 18. Nxb7 Nxb7 19. b3 a6
$132 {Aseev,K-Kholmov,R,Brno-B 1991-CBM 26}) 11... Rd8 12. Bb2 (12. Qxb8 Raxb8
13. Bf4 Rbc8 14. Ne5 (14. Bd6 Ne8 15. Bxe7 Nxe7 16. Nb5 a6 17. Nd6 Nxd6 18.
Rxd6 Rc6 19. Rad1 Rxd6 20. Rxd6 Nc8 21. Rd1 Kf8 $10) 14... d5 $1 (14... Ba8 15.
Nb5 Nxe5 16. Bxe5 Bxg2 17. Kxg2 a6 18. Nd6 Rc6 19. h3 Bxd6 20. Bxd6 b5 21. c5
$16 {Gelfand,B-Kholmov,R,Klaipeda URS FL56 1988-CBM 11}) 15. cxd5 Nxe5 16. d6
Rxd6 $8 17. Bxb7 Rxc3 18. Bxe5 Rxd1+ 19. Rxd1 Rc2 20. Bf3 Rxa2 21. Rc1 Rd2 {
1/2;Timman,J-Tal,M,Bruxelles 1987-CBM 02}) 12... Na5 $6 {N} (12... a6 $6 13.
Rac1 Qxf4 14. gxf4 Na5 15. Na4 $1 Rab8 16. Be5 d6 17. Bc3 Nd7 18. Nd4 $16 {
Cebalo,M-Hulak,K,JUG chT 1989-TD 89_07}) (12... Qxf4 13. gxf4 Na5 14. Nd4 {
Karpov,A-Andersson,U,Marostico m 1989-CBM 13} Bxg2 15. Kxg2 $14) (12... d6 $5
13. Rd2 a6 14. Qe3 Qa7 15. h3 b5 $1 16. Qxa7 Nxa7 17. cxb5 axb5 $10 {Gulko,
B-Tal,M,Manila izt 1990-CBM 19}) 13. Qxb8 Raxb8 14. Nb5 a6 15. Nd6 Bc6 (15...
Ba8 16. Be5 $36) 16. Ne5 $1 (16. Be5 Nb7 $10) 16... Bxg2 17. Kxg2 $36 Rf8 (
17... Bxd6 18. Rxd6 $16 {><d7,b6}) 18. g4 Nc6 (18... Nb7 19. g5 $1 $18) (18...
h6 $5 19. h4 Nc6 $14) 19. g5 Nxe5 $8 20. Bxe5 Nh5 21. Ne4 (21. Nxf7 Kxf7 22.
Bxb8 Rxb8 23. Rxd7 Ke8 $13) 21... Rb7 22. Bd6 $16 Bxd6 23. Rxd6 Rc8 24. Rad1
Rcc7 25. c5 (25. e3 $16 {><h5}) 25... Nf4+ $8 (25... bxc5 26. Rxa6 Rb8 (26...
f5 27. Ra8+ $18) 27. Rc1 $18 {/\Rc5}) 26. Kf3 Nd5 27. cxb6 Nxb6 (27... Rxb6 $2
28. R1xd5 $18) 28. b4 Nc8 (28... Nd5 29. a3 (29. Nc5 Rxb4 30. Nxa6 Rc3+ $13)
29... Nc3 30. Nxc3 Rxc3+ 31. R1d3 Rxd3+ 32. exd3 Ra7 33. Ke4 $16) 29. Rxa6 d5 (
29... Rxb4 30. Ra8 Rb6 31. Nd6 Rbc6 32. Nxc8 Rxc8 33. Rxc8+ Rxc8 34. Rxd7 $16)
30. Nd6 (30. Nc5 $2 Rxb4 $10) 30... Nxd6 (30... Rxb4 $2 31. Ra8 $18) 31. Rxd6
h6 (31... g6 32. a3 $16) 32. g6 $1 (32. gxh6 Rxb4 $146) 32... fxg6 33. Rxe6
Rxb4 34. Rxd5 $16 Ra4 35. Rxg6 (35. Rd2 Rf7+ 36. Kg2 Rfa7 $16) 35... Rf7+ 36.
Kg3 Rxa2 37. Re6 Ra1 38. Kg2 Ra4 39. h3 (39. f3 $142 $16) 39... Raf4 40. f3
R4f5 41. Rd4 Ra7 42. h4 Kf7 43. Rb6 Rfa5 44. Kg3 Ra1 45. Rd5 R1a5 46. Rd8 Re5
47. e4 Re6 48. Rxe6 (48. Rb5 $5 $16 {/\h5,Rf5}) 48... Kxe6 49. Rb8 Ra1 50. Rb5
Rg1+ (50... g6 $2 51. Rb6+ Kf7 52. h5 $18) 51. Kf4 Rh1 52. h5 Rh4+ 53. Kg3 Rh1
54. Kg4 Rg1+ 55. Kf4 Rh1 56. Rb7 Rg1 $8 (56... Kf6 57. e5+ $18) 57. e5 $2 (57.
Ke3 Kf6 58. Rb6+ Kf7 59. f4 Re1+ 60. Kd4 Rh1 (60... Rd1+ 61. Ke5 Rh1 62. Rb7+
Kg8 63. Kf5 Rxh5+ 64. Kg6 $18) 61. Rb7+ Kg8 62. Rb5 $16) 57... Rg5 58. Rb6+ Kf7
59. Ke4 Rxh5 $132 60. Rb7+ Kg6 $1 61. f4 Rh4 62. Ra7 (62. Kd5 Rxf4 63. e6 Rf1
64. Kd6 Rd1+ 65. Ke7 h5 $132) 62... h5 63. e6 Kf6 64. Kd5 Rh1 (64... Rxf4 $4
65. Rf7+ $18) 65. Rf7+ Kg6 66. f5+ Kg5 $10 67. Kd6 h4 68. e7 (68. Ke7 h3 69.
Kf8 h2 70. e7 Re1 71. Rxg7+ Kxf5 72. Rh7 h1=Q 73. Rxh1 Rxh1 74. e8=Q Rh8+ $10)
68... Rd1+ 69. Ke6 Re1+ 70. Kd7 h3 71. Rxg7+ (71. e8=Q $2 Rxe8 72. Kxe8 h2 73.
Rxg7+ Kh6 74. Rg6+ Kh7 $19) 71... Kxf5 72. Rg3 (72. e8=Q Rxe8 73. Kxe8 Kf4 $10)
72... h2 73. Rh3 Rd1+ 74. Kc7 Rc1+ 75. Kd7 Rd1+ (75... Rd1+ 76. Kc6 Re1 $10 {
[Stohl,I]}) 1/2-1/2